000 00436nam a2200169Ia 4500
008 221030s9999 xx 000 0 und d
020 _a8120321863
041 _aEnglish
082 _a105.23
_bRaj
100 _aS. Rajasekaran
245 0 _aNeural Networks, Fuzzy Logic, & Genetic Alogrithms Synthesis & Application
260 _bPHI
_aNew Delhi
_c2006
300 _a439
650 _aComputers
700 _aG.A.V. Pai
942 _cBK
999 _c1824
_d1824